Tôi đã là thần đồng như thế nào

Gardado en:
Detalles Bibliográficos
Autor Principal: Ma-Scôp, Vla-Gi-Mia
Outros autores: Kim Hải (Dịch)
Formato: Libro
Publicado: Huế Thuận hóa 1987
Những chủ đề:
Các nhãn: Engadir etiqueta
Sen Etiquetas, Sexa o primeiro en etiquetar este rexistro!
Thư viện lưu trữ: Trung tâm Học liệu Lê Vũ Hùng, Trường Đại học Đồng Tháp
LEADER 00766pam a22002298a 4500
001 00021185
005 20171026081023.0
008 110523s1987 ||||||Viesd
041 0 # |a Vie 
082 1 4 |a 891.73  |b T452Đ 
100 0 # |a Ma-Scôp, Vla-Gi-Mia 
245 0 0 |a Tôi đã là thần đồng như thế nào  |c Vla-Gi-Mia Ma-Scôp; Kim Hải 
260 # # |a Huế  |b Thuận hóa  |c 1987 
300 # # |a 205 tr.  |c 19 cm. 
650 # 4 |a Văn học Liên Xô 
650 # 4 |a Văn học nước ngoài 
653 # # |a Tiểu thuyết 
700 0 # |a Kim Hải  |e Dịch 
852 # # |b Kho đọc  |j KD.0005935 
852 # # |j KD.0005935 
910 0 # |a Đức  |d 23/05/2011 
980 # # |a Trung tâm Học liệu Lê Vũ Hùng, Trường Đại học Đồng Tháp